Biblioteca

Dream a new dream : How to rebuild a broken life / Dale E. Galloway (Registro nro. 41004)

Detalles MARC
000 -LÍDER
Campo fijo de descripción fija 003820000a22001570004500
020 ## - NÚMERO INTERNACIONAL NORMALIZADO PARA LIBROS
Número Internacional Normalizado del libro 8423-0676-5
041 0# - CÓDIGO DE IDIOMA
Código de idioma para texto/pista de sonido o título separado
082 04 - NÚMERO DE CLASIFICACIÓN DECIMAL DEWEY
Número de clasificación G 242.4 G174d
001 - NÚMERO DE CONTROL
Campo de control 11952
100 1# - ASIENTO PRINCIPAL--NOMBRE PERSONAL
Nombre personal Galloway, Dale E
245 10 - TÍTULO
Título del Material Dream a new dream : How to rebuild a broken life / Dale E. Galloway
260 ## - PUBLICACIÓN, DISTRIBUCIÓN, ETC. (PIE DE IMPRENTA)
Lugar de publicación, distribución, etc. Wheaton, ILL., USA : Tyndale
300 ## - DESCRIPCIÓN FÍSICA
Extensión 1285 Pag
650 14 - ASIENTO SECUNDARIO DE MATERIA - TERMINO TEMÁTICO
Término temático o nombre geográfico como elemento de entrada CONSUELO
942 ## - TIPO DE MATERIAL (KOHA)
Tipo de Item KOHA Libros General

No hay ítems disponibles.

Biblioteca FUSBC | Teléfono: (57+4) 349 88 10 Ext. 141| WhatsApp (+57) 3005338115 
E-mail: biblioteca@unisbc.edu.co | Calle 76 87-14 Robledo Palenque, Medellín, Colombia

Con tecnología Koha